|
|
|
|
| LEADER |
00000nas a2200000 4500 |
| 005 |
20110905132632.0 |
| 008 |
101020c199u9999rm un p 0 a0eng d |
| 022 |
|
|
|a 1843-2298
|
| 035 |
|
|
|a 5156
|
| 040 |
|
|
|a BUS
|d vLex
|
| 090 |
|
|
|c 2374
|d 2374
|
| 245 |
0 |
4 |
|a The Journal of philosophical economics
|h [Recurso electrn̤ico]
|
| 256 |
|
|
|a Servicio en ln̕ea.
|
| 260 |
|
|
|a Bucarest :
|b Journal of Philosophical Economics,
|c 2007 -
|
| 300 |
|
|
|a 1 recurso electrn̤ico
|
| 310 |
|
|
|a Dos veces al aǫ
|
| 362 |
|
|
|a Nm︢. 1 (2007) -
|
| 506 |
1 |
|
|a Contenido solo disponible en los productos indicados
|d vLex Global
|d vLex Global (Academic Edition, excluding Law Schools)
|d vLex Global (U.S. Academic Edition, excluding Law Schools)
|
| 650 |
0 |
4 |
|a Economa̕
|z Mx̌ico
|
| 650 |
0 |
4 |
|a Filosofa̕
|z Mx̌ico
|
| 740 |
0 |
|
|a vLex Revistas (Servicio en ln̕ea)
|
| 856 |
4 |
0 |
|u http://vlex.com/source/journal-philosophical-economics-5156
|z Acceso restringido
|
| 942 |
|
|
|c REV
|